[Event "Niedersachsen-Hamburg"]
[Site "?"]
[Date "2005.01.01"]
[Round "4.4"]
[White "Lösch, Yvonne"]
[Black "Schmidt, Jade"]
[Result "1/2-1/2"]
[WhiteElo "2069"]
[BlackElo "1724"]
[PlyCount "94"]
[EventDate "2000.??.??"]

1. d4 Nf6 2. c4 c5 3. d5 e6 4. Nc3 exd5 5. cxd5 d6 6. g3 g6 7. Bg2 Bg7 8. Nf3
O-O 9. O-O a6 10. a4 Nbd7 11. Nd2 Re8 12. a5 b5 13. axb6 Nxb6 14. Re1 Ng4 15.
h3 Ne5 16. f4 Nec4 17. Nxc4 Nxc4 18. Qd3 Ne3 19. Kh2 c4 20. Qd2 Bf5 21. Ra2 Qb6
22. Nd1 Nc2 23. Rf1 Qb3 24. Ra5 h5 25. Rf3 Qb6 26. Ra4 Nd4 27. Re3 Nb3 28. Rxb3
Qxb3 29. Ra3 Qc2 30. Bf3 Qxd2 31. Bxd2 Be4 32. Kg2 Bxf3+ 33. Kxf3 Reb8 34. Bc3
Bxc3 35. bxc3 Rb1 36. Ne3 Rb3 37. Nxc4 Rxa3 38. Nxa3 Rb8 39. Nc4 Rb3 40. Nxd6
Rxc3+ 41. e3 Kf8 42. Ke4 Ke7 43. Nb7 Rc1 44. d6+ Ke6 45. Nd8+ Kxd6 46. Nxf7+
Ke7 47. Ne5 Kf6 1/2-1/2

[Event "Niedersachsen-Hamburg"]
[Site "?"]
[Date "2005.01.01"]
[Round "4.5"]
[White "Rohlfs, Ricarda"]
[Black "Zschischang, Marine"]
[Result "0-1"]
[WhiteElo "1625"]
[BlackElo "2061"]
[PlyCount "108"]
[EventDate "2000.??.??"]

1. e4 e6 2. d4 d5 3. Nc3 dxe4 4. Nxe4 Nd7 5. Nf3 Ngf6 6. Bd3 Nxe4 7. Bxe4 Nf6
8. Bd3 Be7 9. Bf4 O-O 10. Qe2 b6 11. O-O-O Bb7 12. Kb1 a5 13. h4 a4 14. a3 c6
15. Rhg1 b5 16. c3 Qb6 17. Bd2 Rfb8 18. g4 c5 19. dxc5 Bxc5 20. Be3 Bxe3 21.
fxe3 Nd5 22. e4 Nf4 23. Qe1 Nxd3 24. Rxd3 Rd8 25. Rxd8+ Rxd8 26. Qe2 e5 27. Re1
f6 28. g5 Ba6 29. Qg2 Rd3 30. Kc2 Rd8 31. gxf6 Qxf6 32. Qg5 Re8 33. Qxf6 gxf6
34. Re3 Kf7 35. Rd3 Ke6 36. Kd1 Bb7 37. Re3 Rg8 38. Kd2 Rg2+ 39. Kc1 Rg4 40.
Nd2 Rxh4 41. Kd1 h5 42. Ke2 Rg4 43. Rh3 h4 44. Ke3 Rg3+ 45. Rxg3 hxg3 46. Kf3
f5 47. Kxg3 Bxe4 48. Kf2 Kd5 49. Ke3 f4+ 50. Kf2 Bh1 51. Ke2 e4 52. Kd1 e3 53.
Nf1 Bf3+ 54. Ke1 Kc4 0-1

[Event "Niedersachsen-Hamburg"]
[Site "?"]
[Date "2005.01.01"]
[Round "4.6"]
[White "Michalek, Barbara"]
[Black "Zehner, Birte"]
[Result "1/2-1/2"]
[WhiteElo "1894"]
[BlackElo "1579"]
[PlyCount "80"]
[EventDate "2000.??.??"]

1. d4 d5 2. c4 c6 3. e3 Nf6 4. Nc3 e6 5. Nf3 Nbd7 6. a3 a5 7. Bd2 Be7 8. b3 b6
9. Be2 O-O 10. Qc2 h6 11. O-O Bb7 12. Rfb1 c5 13. Ne5 Nxe5 14. dxe5 Ne4 15.
Nxe4 dxe4 16. Bc3 Qc7 17. Bg4 Rfd8 18. Rd1 Rxd1+ 19. Rxd1 Rd8 20. Kf1 Bg5 21.
g3 g6 22. Rd2 Rxd2 23. Qxd2 Qd8 24. b4 Qxd2 25. Bxd2 axb4 26. axb4 Be7 27. bxc5
Bxc5 28. Bc3 Kf8 29. Ke1 Ke7 30. Kd2 Kd7 31. Kc2 Kc7 32. Kb3 Ba6 33. Bb4 Bb7
34. Kc3 Bc6 35. Kb3 Bb7 36. Ka3 Bc6 37. Bd1 Kb7 38. Bxc5 bxc5 39. Ba4 Bxa4 40.
Kxa4 Ka6 1/2-1/2

[Event "Niedersachsen-Hamburg"]
[Site "?"]
[Date "2005.01.01"]
[Round "4.7"]
[White "Dobrusina, Anna"]
[Black "Laake, Jasmin"]
[Result "0-1"]
[WhiteElo "1348"]
[BlackElo "1941"]
[PlyCount "104"]
[EventDate "2000.??.??"]

1. e4 c5 2. Nf3 Nc6 3. d4 cxd4 4. Nxd4 Nf6 5. Nc3 e6 6. Be3 Bb4 7. Bd3 d5 8. f3
e5 9. Nxc6 bxc6 10. Bd2 Qb6 11. exd5 Nxd5 12. Qe2 O-O 13. Qxe5 Ba6 14. Be4 Rfe8
15. Qf5 g6 16. Qg5 f5 17. O-O-O fxe4 18. Nxd5 Bxd2+ 19. Rxd2 cxd5 20. Qxd5+ Qe6
21. Qxe6+ Rxe6 22. fxe4 Rxe4 23. Rhd1 Bb5 24. Rd8+ Rxd8 25. Rxd8+ Kg7 26. Rd2
Re1+ 27. Rd1 Rxd1+ 28. Kxd1 Kf6 29. Kd2 Ke5 30. Ke3 Bc6 31. g3 g5 32. c4 h5 33.
b4 a6 34. h3 h4 35. g4 Bg2 36. b5 axb5 37. cxb5 Bxh3 38. b6 Bg2 39. a4 Bc6 40.
a5 Bb7 41. Kd3 h3 42. Kc4 h2 43. Kb5 h1=Q 44. a6 Qf1+ 45. Kc5 Bxa6 46. Kc6 Qb5+
47. Kc7 Qc5+ 48. Kd7 Bb5+ 49. Kd8 Qd6+ 50. Kc8 Qd7+ 51. Kb8 Ba6 52. b7 Qxb7#
0-1

[Event "Niedersachsen-Hamburg"]
[Site "?"]
[Date "2005.01.01"]
[Round "4.8"]
[White "Taranjuk, Olesja"]
[Black "Herbold, Nora Elise Marina"]
[Result "1/2-1/2"]
[WhiteElo "1761"]
[BlackElo "1541"]
[PlyCount "111"]
[EventDate "2000.??.??"]

1. d4 Nf6 2. c4 g6 3. Nf3 Bg7 4. Bf4 d6 5. e3 O-O 6. Nc3 Nbd7 7. Be2 e6 8. O-O
Qe7 9. Rc1 e5 10. Bg3 Ne8 11. Bh4 f6 12. dxe5 Nxe5 13. Nxe5 dxe5 14. Nd5 Qf7
15. e4 Be6 16. Qc2 c6 17. Nb4 Nd6 18. c5 Nb5 19. Bxb5 cxb5 20. b3 Bh6 21. Rcd1
Rfd8 22. Rd3 Rd7 23. Rfd1 Rad8 24. Rxd7 Rxd7 25. Rxd7 Bxd7 26. Qd3 f5 27. f3
Bf8 28. Bf2 Bc6 29. Nd5 Kg7 30. b4 Qd7 31. Qc3 Qe8 32. Bh4 Kf7 33. Qd2 Qd7 34.
h3 Ke6 35. Qg5 Bg7 36. exf5+ gxf5 37. Ne7 Qd4+ 38. Kh1 Qf4 39. Nxc6 Qxg5 40.
Bxg5 bxc6 41. Bd2 Kd5 42. Kg1 Kd4 43. Kf2 Kd3 44. Be1 e4 45. fxe4 fxe4 46. g4
Bh6 47. h4 Be3+ 48. Kf1 h6 49. h5 Bg5 50. Bg3 e3 51. Be1 e2+ 52. Kg2 Ke3 53.
Kg3 Kd3 54. Kf3 Bd2 55. Kf2 Bg5 56. Kf3 1/2-1/2

[Event "Rheinland-Pfalz-Sachsen"]
[Site "?"]
[Date "2005.01.01"]
[Round "4.2"]
[White "Krasnopeyeva, Julia"]
[Black "Beltz, Franziska"]
[Result "0-1"]
[WhiteElo "1897"]
[BlackElo "2061"]
[PlyCount "162"]
[EventDate "2000.??.??"]

1. e4 c5 2. Nf3 d6 3. d4 cxd4 4. Nxd4 Nf6 5. Nc3 a6 6. Bg5 e6 7. f4 Nbd7 8. Qf3
Qc7 9. g4 Be7 10. Bg2 h6 11. Bxf6 Bxf6 12. O-O-O Qb6 13. Nb3 Nc5 14. Rhe1 Be7
15. Kb1 Nxb3 16. cxb3 Bd7 17. f5 O-O-O 18. Qg3 Kb8 19. Rc1 Bf6 20. h4 Be5 21.
Qe3 Qc7 22. Qh3 Qb6 23. Rc2 Rc8 24. Bf1 Qb4 25. Qe3 Rc7 26. Bc4 Qa5 27. a3 Qc5
28. Qxc5 Rxc5 29. a4 Rhc8 30. Ne2 b5 31. Bd3 bxa4 32. bxa4 Bxa4 33. Rxc5 Rxc5
34. fxe6 fxe6 35. Rf1 Bb5 36. Nc1 Bf6 37. Re1 Kc7 38. h5 Bc6 39. Nb3 Rg5 40.
Rg1 Kb6 41. Nd2 Bb5 42. Bc4 Bd7 43. b4 d5 44. Bd3 dxe4 45. Nxe4 Rd5 46. Nc5 Bc8
47. Kc2 Rd4 48. Kb3 Be7 49. Na4+ Ka7 50. Bc4 e5 51. Nc5 Bxc5 52. bxc5 Rxg4 53.
Rf1 Rf4 54. Rg1 Rg4 55. Rf1 Rf4 56. Rg1 Bg4 57. Ra1 Rf6 58. Rd1 Rf5 59. Ra1
Rxh5 60. Rxa6+ Kb7 61. Kb4 Rh1 62. Rg6 Rb1+ 63. Kc3 h5 64. Rxg7+ Kc6 65. Ba6
Kxc5 66. Bd3 Rc1+ 67. Kd2 Ra1 68. Rg5 Kd4 69. Bc2 Ra2 70. Kc1 Kc3 71. Bb1 Ra5
72. Bg6 Ra1+ 73. Bb1 Kd4 74. Kb2 Ra7 75. Rg6 e4 76. Rd6+ Ke3 77. Rd8 Kf3 78.
Re8 Rc7 79. Bc2 Rh7 80. Rb8 h4 81. Rb3+ Kf4 0-1

[Event "Rheinland-Pfalz-Sachsen"]
[Site "?"]
[Date "2005.01.01"]
[Round "4.3"]
[White "Ulms, Sandra"]
[Black "Endress, Anna"]
[Result "1-0"]
[WhiteElo "2151"]
[BlackElo "1732"]
[PlyCount "91"]
[EventDate "2000.??.??"]

1. d4 d5 2. Nf3 Nf6 3. c4 e6 4. Bg5 Be7 5. Nc3 Nbd7 6. Rc1 O-O 7. e3 Re8 8. Bd3
c6 9. O-O Nf8 10. c5 Ng6 11. b4 Nd7 12. Bf4 Bf6 13. Be5 Bxe5 14. Nxe5 Ndxe5 15.
dxe5 Qc7 16. f4 b6 17. Ne2 Bd7 18. Nd4 Ne7 19. Qh5 g6 20. Qh6 Rf8 21. Nf3 f5
22. exf6 Rxf6 23. Ng5 Be8 24. Qxh7+ Kf8 25. Qh8+ Ng8 26. Nh7+ Ke7 27. Nxf6 Nxf6
28. Qg7+ Bf7 29. Bxg6 Rf8 30. Bxf7 Rxf7 31. Qg5 Rf8 32. Qe5 Qd8 33. f5 Qd7 34.
b5 Rc8 35. cxb6 axb6 36. bxc6 Rxc6 37. Rxc6 Qxc6 38. Qxe6+ Qxe6 39. fxe6 Kxe6
40. Rb1 Nd7 41. Kf2 Kf5 42. Rb4 Ke6 43. g4 Kf6 44. h4 Kg7 45. Rb5 Ne5 46. Kg3
1-0

[Event "Rheinland-Pfalz-Sachsen"]
[Site "?"]
[Date "2005.01.01"]
[Round "4.4"]
[White "Zemke, Christine"]
[Black "Dämering, Katrin"]
[Result "0-1"]
[WhiteElo "1786"]
[BlackElo "2148"]
[PlyCount "102"]
[EventDate "2000.??.??"]

1. d4 Nf6 2. e3 g6 3. Bd3 Bg7 4. Nd2 d6 5. Ngf3 O-O 6. O-O Nc6 7. c3 e5 8. Qc2
Qe7 9. e4 exd4 10. Nxd4 Ne5 11. f3 c5 12. Ne2 d5 13. Ng3 Rd8 14. Re1 c4 15. Bf1
Qc5+ 16. Kh1 d4 17. cxd4 Rxd4 18. Nb3 Qb4 19. Nxd4 Qxe1 20. Qd2 Qxd2 21. Bxd2
Bd7 22. Rc1 b5 23. h3 a6 24. Kg1 h5 25. Be2 Be8 26. Be3 Rd8 27. Kf2 Bf8 28. Rd1
Be7 29. f4 h4 30. Nf1 Nxe4+ 31. Kg1 Nc6 32. Nxc6 Bxc6 33. Rxd8+ Bxd8 34. Bd4
Nd6 35. Nd2 Nf5 36. Ba7 Bf6 37. Bf3 Bxf3 38. Nxf3 Bxb2 39. Kf1 c3 40. Ne1 Bc1
41. Ke2 Bxf4 42. Nc2 Kf8 43. Kd3 Be5 44. Bb6 Ke8 45. Nb4 Ne7 46. Nxa6 Nd5 47.
Bc5 Nf4+ 48. Kc2 Nxg2 49. Nb4 Nf4 50. Bf2 g5 51. Nc6 Bf6 0-1

[Event "Rheinland-Pfalz-Sachsen"]
[Site "?"]
[Date "2005.01.01"]
[Round "4.5"]
[White "Neumeyer, Hannelore"]
[Black "Katte, Isabel"]
[Result "1-0"]
[WhiteElo "2047"]
[BlackElo "1931"]
[PlyCount "119"]
[EventDate "2000.??.??"]

1. d4 e6 2. e4 b6 3. Bd3 Bb7 4. Ne2 d6 5. Nbc3 Nd7 6. Be3 Be7 7. Qd2 a6 8. Ng3
Ngf6 9. f3 c5 10. d5 b5 11. dxe6 fxe6 12. O-O O-O 13. b3 d5 14. exd5 exd5 15.
Bf2 Nb6 16. Nf5 d4 17. Qg5 g6 18. Rae1 Nc8 19. Nxe7+ Nxe7 20. Ne4 Nxe4 21. Bxe4
Bxe4 22. Rxe4 Nf5 23. Qxd8 Rfxd8 24. Rfe1 Ng7 25. g4 Kf8 26. Bh4 Rdc8 27. Bg5
Kg8 28. h4 a5 29. Re5 a4 30. Bh6 Ra7 31. Re7 Rcc7 32. Rxc7 Rxc7 33. Re5 axb3
34. axb3 Kf7 35. Kf2 Ne8 36. Bf4 Rc8 37. Rd5 Nf6 38. Rd6 c4 39. Be5 Ne8 40.
Rxd4 Ke6 41. Re4 Nf6 42. Bxf6+ Kxf6 43. bxc4 bxc4 44. Ke3 Rc7 45. Kd4 h5 46.
Kd5 c3 47. Rc4 Rd7+ 48. Ke4 hxg4 49. fxg4 Rd2 50. Rxc3 Rh2 51. Rc6+ Kf7 52. Kf4
Rxh4 53. Kg5 Rh2 54. Rc7+ Ke6 55. Kxg6 Rg2 56. g5 Kd6 57. Rc3 Ke5 58. Kh6 Rh2+
59. Kg7 Rg2 60. g6 1-0

[Event "Rheinland-Pfalz-Sachsen"]
[Site "?"]
[Date "2005.01.01"]
[Round "4.6"]
[White "Reiske, Anne"]
[Black "Niesch, Franziska"]
[Result "1-0"]
[WhiteElo "1731"]
[BlackElo "1818"]
[PlyCount "107"]
[EventDate "2000.??.??"]

1. e4 c5 2. Nf3 Nc6 3. d4 cxd4 4. Nxd4 Nf6 5. Nc3 g6 6. Be3 Bg7 7. Be2 O-O 8.
Qd2 d6 9. h3 Bd7 10. O-O Nxd4 11. Bxd4 Bc6 12. Bf3 Qa5 13. Rfd1 Rfd8 14. Qe2 e5
15. Be3 b5 16. Bg5 b4 17. Nd5 Bxd5 18. Bxf6 Bxf6 19. Rxd5 Qc7 20. Rad1 Be7 21.
Qd3 h5 22. Qb3 Rdc8 23. R1d2 Bg5 24. Re2 a5 25. Qd3 Be7 26. g4 h4 27. Qe3 Kg7
28. Qd3 Qc4 29. Qxc4 Rxc4 30. Bg2 a4 31. Bf1 a3 32. b3 Rc3 33. Rb5 Rac8 34.
Rxb4 Rxc2 35. Ra4 Rxe2 36. Bxe2 Rc2 37. Bc4 Rxa2 38. b4 Ra1+ 39. Kg2 Rc1 40.
Bd5 Rb1 41. Rxa3 f5 42. Ra7 Kf8 43. Rb7 fxg4 44. hxg4 Rb2 45. b5 h3+ 46. Kxh3
Rxf2 47. Rb8+ Kg7 48. b6 Rb2 49. b7 Bg5 50. Rg8+ Kf6 51. b8=Q Rxb8 52. Rxb8 Bf4
53. Rd8 g5 54. Rxd6+ 1-0

[Event "Rheinland-Pfalz-Sachsen"]
[Site "?"]
[Date "2005.01.01"]
[Round "4.7"]
[White "Köditz, Katja"]
[Black "Scholz, Gertrud"]
[Result "1/2-1/2"]
[WhiteElo "1770"]
[BlackElo "1627"]
[PlyCount "44"]
[EventDate "2000.??.??"]

1. d4 Nf6 2. Nf3 e6 3. Nbd2 d5 4. e3 c5 5. c3 Nc6 6. Bd3 Be7 7. O-O O-O 8. Re1
Bd7 9. Qc2 Rc8 10. dxc5 Bxc5 11. Nb3 Be7 12. Qb1 h6 13. Nbd4 Ng4 14. e4 Nxd4
15. cxd4 dxe4 16. Bxe4 Bc6 17. Ne5 Bxe4 18. Qxe4 Nf6 19. Qxb7 Rc7 20. Qb5 Qxd4
21. Be3 Qd5 22. Qxd5 Nxd5 1/2-1/2

[Event "Rheinland-Pfalz-Sachsen"]
[Site "?"]
[Date "2005.01.01"]
[Round "4.8"]
[White "Raab, Helen"]
[Black "Beltz, Carmen"]
[Result "0-1"]
[WhiteElo "1161"]
[BlackElo "1915"]
[PlyCount "80"]
[EventDate "2000.??.??"]

1. e4 c5 2. Nf3 e6 3. d4 cxd4 4. Nxd4 a6 5. Bd3 Nc6 6. Be3 Nge7 7. O-O Qc7 8.
Nc3 Nxd4 9. Bxd4 Nc6 10. Be3 b5 11. f4 Be7 12. Ne2 O-O 13. Ng3 Bb7 14. Qg4 d6
15. Nh5 g6 16. Ng3 Bf6 17. c3 b4 18. Rac1 bxc3 19. bxc3 Qa5 20. Qe2 Bxc3 21.
Rb1 Rab8 22. Rfc1 Rfc8 23. Bc4 Bd4 24. Bxd4 Nxd4 25. Qd3 e5 26. fxe5 dxe5 27.
Bxf7+ Kxf7 28. Rxc8 Rxc8 29. Rxb7+ Kg8 30. Qb1 Qc5 31. h3 Ne2+ 32. Kh2 Nxg3 33.
Kxg3 Qe3+ 34. Kh2 Qf4+ 35. g3 Qd2+ 36. Kg1 Rc1+ 37. Qxc1 Qxc1+ 38. Kf2 Qc2+ 39.
Kf3 Qxa2 40. Rb8+ Kg7 0-1

[Event "Schleswig-Holstein-Bayern"]
[Site "?"]
[Date "2005.01.01"]
[Round "4.1"]
[White "Ankerst, Milka"]
[Black "Kopylova, Ljubov"]
[Result "0-1"]
[WhiteElo "2134"]
[BlackElo "2216"]
[PlyCount "102"]
[EventDate "2000.??.??"]

1. e4 c5 2. Nf3 d6 3. d4 cxd4 4. Nxd4 Nf6 5. Nc3 g6 6. Be3 Bg7 7. f3 O-O 8. Bc4
Nc6 9. Qd2 Bd7 10. O-O-O Rc8 11. Bb3 Nxd4 12. Bxd4 b5 13. Rhe1 b4 14. Nd5 Nxd5
15. Bxg7 Kxg7 16. Bxd5 Qa5 17. Kb1 Ba4 18. Bb3 Rc5 19. f4 Rfc8 20. Rc1 R8c6 21.
Re3 Ra6 22. a3 bxa3 23. Qd4+ e5 24. fxe5 dxe5 25. Qxa4 Qxa4 26. Bxa4 axb2 27.
Kxb2 Rxa4 28. Rd1 Rcc4 29. Rde1 Rab4+ 30. Kc1 a5 31. c3 a4 32. Kc2 a3 33. Kd3
Ra4 34. Ra1 f5 35. exf5 e4+ 36. Kc2 gxf5 37. Kb3 f4 38. Re2 Kf6 39. Rf2 Ke5 40.
Rxa3 Rxa3+ 41. Kxc4 Ra8 42. Re2 Rc8+ 43. Kb3 h5 44. Ra2 f3 45. gxf3 exf3 46. c4
Ke4 47. Kb4 Ke3 48. Ra3+ Kf2 49. h4 Kg2 50. Ra2+ Kg1 51. c5 f2 0-1

[Event "Schleswig-Holstein-Bayern"]
[Site "?"]
[Date "2005.01.01"]
[Round "4.2"]
[White "Willrodt, Sonja"]
[Black "Mikliaeva, Darja"]
[Result "0-1"]
[WhiteElo "1953"]
[BlackElo "2084"]
[PlyCount "100"]
[EventDate "2000.??.??"]

1. Nf3 c5 2. c4 Nc6 3. Nc3 e6 4. e4 d6 5. g3 g6 6. Bg2 Bg7 7. O-O Nge7 8. a3
O-O 9. Rb1 a6 10. Ne2 b5 11. d4 cxd4 12. cxb5 axb5 13. Nfxd4 Nxd4 14. Nxd4 Bd7
15. Be3 e5 16. Nc2 Be6 17. Nb4 Rc8 18. Qd2 Qd7 19. Rfd1 Nc6 20. Nxc6 Rxc6 21.
Bf1 Rb8 22. Qb4 Ra6 23. Rd2 Bf8 24. Rc2 Ra4 25. Qd2 Rxe4 26. Bg2 Rc4 27. Rbc1
Rbc8 28. Bf1 Rxc2 29. Rxc2 Bc4 30. Qc1 Qb7 31. b3 Bxf1 32. Kxf1 Rxc2 33. Qxc2
Qa6 34. b4 Qxa3 35. Qc8 Qxb4 36. Qb8 Qc4+ 37. Kg1 f5 38. Bh6 Qf7 39. Bxf8 Qxf8
40. Qxb5 Qe7 41. Qd5+ Kg7 42. h4 f4 43. gxf4 exf4 44. Qa5 Qxh4 45. Qc7+ Kh6 46.
Qxd6 Qg4+ 47. Kh1 f3 48. Qf8+ Kh5 49. Qc5+ g5 50. Qd5 Qg2# 0-1

[Event "Schleswig-Holstein-Bayern"]
[Site "?"]
[Date "2005.01.01"]
[Round "4.3"]
[White "Jussupow, Nadia"]
[Black "Gehrmann, Dorit"]
[Result "1-0"]
[WhiteElo "2050"]
[BlackElo "1890"]
[PlyCount "75"]
[EventDate "2000.??.??"]

1. e4 c5 2. d3 e6 3. g3 d5 4. Nd2 Nc6 5. Bg2 Nf6 6. Ngf3 Be7 7. O-O dxe4 8.
Nxe4 O-O 9. Nfd2 Bd7 10. Nxf6+ Bxf6 11. Ne4 Be7 12. Be3 b6 13. Qh5 f6 14. c3
Rc8 15. Rad1 Qe8 16. Qxe8 Rfxe8 17. f4 f5 18. Nd2 Bf6 19. Nc4 Rcd8 20. Rfe1 Ne7
21. Nd6 Rf8 22. d4 cxd4 23. Bxd4 Bxd4+ 24. Rxd4 Nd5 25. Bxd5 exd5 26. Rxd5 Bc6
27. Rd4 b5 28. Re5 g6 29. Rc5 Ba8 30. Rxb5 Rb8 31. Rxb8 Rxb8 32. b4 Kf8 33. b5
Ke7 34. c4 Kd7 35. Nxf5+ Kc7 36. Ne3 Kb6 37. Kf2 Re8 38. Rd7 1-0

[Event "Schleswig-Holstein-Bayern"]
[Site "?"]
[Date "2005.01.01"]
[Round "4.4"]
[White "Hielscher, Ursula"]
[Black "Jussupow, Ekaterina"]
[Result "0-1"]
[WhiteElo "1896"]
[BlackElo "1768"]
[PlyCount "114"]
[EventDate "2000.??.??"]

1. d4 d5 2. c4 e6 3. Nc3 Nf6 4. Bg5 Be7 5. Nf3 h6 6. Bh4 O-O 7. e3 b6 8. Be2
dxc4 9. Bxc4 Bb7 10. O-O Nbd7 11. Rc1 c5 12. Bg3 Nh5 13. d5 Nxg3 14. hxg3 exd5
15. Nxd5 Bd6 16. Nf4 Ne5 17. Nxe5 Bxe5 18. Rc2 Qxd1 19. Rxd1 Rad8 20. Rcd2 Rxd2
21. Rxd2 Bc6 22. Ng6 Re8 23. Nxe5 Rxe5 24. Rd6 Ba4 25. b3 Be8 26. Rd8 Kh7 27.
Rc8 Re7 28. a4 Kg6 29. a5 bxa5 30. Rxc5 a4 31. bxa4 Bxa4 32. Ra5 Bc2 33. Kf1
Rc7 34. Ba2 Bd3+ 35. Kg1 a6 36. Rd5 Rc1+ 37. Kh2 Bb5 38. Rd6+ f6 39. Bd5 Rf1
40. Be4+ Kf7 41. Rd2 Ra1 42. Rc2 Ke6 43. g4 Kd6 44. Rc8 a5 45. Rg8 a4 46. Rxg7
a3 47. Ra7 a2 48. Ra3 Bc4 49. Bd3 Bf7 50. Ra6+ Kc5 51. Kg3 Rd1 52. Bc2 a1=Q 53.
Rxa1 Rxa1 54. Be4 Bd5 55. Kf4 Ra4 56. f3 Bxe4 57. fxe4 Kd6 0-1

[Event "Schleswig-Holstein-Bayern"]
[Site "?"]
[Date "2005.01.01"]
[Round "4.5"]
[White "Woniak, Katarzyna"]
[Black "Freter, Anke"]
[Result "1-0"]
[WhiteElo "1997"]
[BlackElo "1792"]
[PlyCount "55"]
[EventDate "2000.??.??"]

1. d4 Nf6 2. c4 g6 3. Nc3 d5 4. Nf3 Bg7 5. Qb3 dxc4 6. Qxc4 c6 7. e4 O-O 8. Be2
Na6 9. O-O Be6 10. Qa4 Nc7 11. Qc2 Rc8 12. h3 Nb5 13. Be3 Qa5 14. Bd2 Nxc3 15.
bxc3 Qc7 16. Rac1 Rfd8 17. Rfe1 Bd7 18. c4 Nh5 19. e5 Bf5 20. Qb3 Qd7 21. Nh4
Qxd4 22. Nxf5 Qxd2 23. Nxe7+ Kh8 24. Nxc8 Rxc8 25. Qxb7 Rg8 26. Rcd1 Qf4 27.
Qe7 Bxe5 28. Bxh5 1-0

[Event "Schleswig-Holstein-Bayern"]
[Site "?"]
[Date "2005.01.01"]
[Round "4.7"]
[White "Burzler, Annette"]
[Black "Franzenburg, Maria"]
[Result "1-0"]
[WhiteElo "1661"]
[BlackElo "1201"]
[PlyCount "57"]
[EventDate "2000.??.??"]

1. Nf3 Nc6 2. g3 e5 3. d3 Bc5 4. Nc3 Nge7 5. Bg2 d5 6. e4 d4 7. Ne2 O-O 8. O-O
Be6 9. Ng5 Bg4 10. f4 f6 11. Nf3 exf4 12. gxf4 Ng6 13. a3 Qd7 14. Qe1 Bh3 15.
Qg3 Bxg2 16. Qxg2 b5 17. Kh1 b4 18. Rg1 Rf7 19. b3 a5 20. a4 Nce7 21. h4 h5 22.
Ng3 Qg4 23. Ne2 Qxg2+ 24. Rxg2 Kh8 25. Bd2 Rg8 26. Ng3 f5 27. e5 Nd5 28. Nxh5
Kh7 29. Ng5+ 1-0

[Event "Schleswig-Holstein-Bayern"]
[Site "?"]
[Date "2005.01.01"]
[Round "4.8"]
[White "Mahler, Sonja"]
[Black "Tovmasian, Nelli"]
[Result "0-1"]
[WhiteElo "1189"]
[BlackElo "1767"]
[PlyCount "46"]
[EventDate "2000.??.??"]

1. d4 Nf6 2. Bf4 g6 3. e3 Bg7 4. Nf3 d6 5. c4 O-O 6. Nc3 Nbd7 7. Bd3 c5 8. Bg3
cxd4 9. exd4 Nh5 10. Bh4 Nf4 11. Bf1 Qb6 12. Rb1 e5 13. dxe5 Re8 14. Qd4 Bxe5
15. Nxe5 Rxe5+ 16. Kd2 Qxd4+ 17. Kc2 Nc5 18. Rd1 Bf5+ 19. Kc1 Qxc3+ 20. bxc3
Na4 21. Rxd6 Re6 22. Rd4 Ne2+ 23. Bxe2 Rxe2 0-1